000 00393nam a22001457a 4500
005 20250901165813.0
008 250327b |||||||| |||| 00| 0 eng d
020 _a9780435232818
050 _aPS 3525 .M55 1992
245 _aThe crucible
_cArthur Miller
260 _aOxford:
_bHeinemann,
_c1992
300 _a139 p.
_c21 cm.
500 _6Notes and questions by Maureen Blakesley
942 _2lcc
999 _c9429
_d9429